000 00344nam a2200157Ia 4500
003 Ost
005 20260225132541.0
008 260225s9999||||xx |||||||||||||| ||und||
040 _cfsic
041 _afre
082 _a531
100 _aRobert Campbell
_eAuteur
245 0 _aLa Cinematique /
245 0 _cRobert Campbell
942 _cكتاب
999 _c33550
_d33550